[Event "9th Lost Boys op"]
[Site "Amsterdam NED"]
[Date "2001.08.12"]
[Round "3"]
[White "Van de Vegt, Lenze"]
[Black "Hendriks, Willy"]
[Result "1/2-1/2"]
[WhiteElo "2167"]
[BlackElo "2321"]
[EventDate "2001.08.10"]
[PlyCount "60"]

1.e4 d6 2.d4 Nf6 3.Nc3 g6 4.Nf3 Bg7 5.Be2 O-O 6.O-O c5 7.d5 e6 8.Nd2 exd5 
9.exd5 Nbd7 10.a4 Ne8 11.a5 Nc7 12.Nc4 Ne5 13.Ne3 f5 14.f4 Nd7 15.Nc4 Nf6 
16.Bf3 Re8 17.Qd3 Qe7 18.Bd2 Bd7 19.h3 Qf8 20.Na3 Re7 21.Rae1 Rae8 22.Rxe7
Rxe7 23.Nab5 Nxb5 24.Nxb5 Ne4 25.Be1 Bxb2 26.Nxa7 Qe8 27.c4 Nf6 28.Bd2 Ne4
29.Be1 Ng5 30.Bd2 Ne4 1/2-1/2

[Event "9th Lost Boys op"]
[Site "Amsterdam NED"]
[Date "2001.08.12"]
[Round "3"]
[White "Vedder, Richard"]
[Black "Dutreeuw, Marc"]
[Result "1/2-1/2"]
[WhiteElo "2220"]
[BlackElo "2390"]
[EventDate "2001.08.10"]
[PlyCount "50"]

1.e4 e5 2.Nf3 Nf6 3.Nxe5 d6 4.Nf3 Nxe4 5.d4 d5 6.Bd3 Nc6 7.O-O Be7 8.c4 
Nb4 9.cxd5 Nxd3 10.Qxd3 Qxd5 11.Re1 Bf5 12.Nc3 Nxc3 13.Qxc3 Be6 14.Qxc7 
Bd6 15.Qc2 O-O 16.Qe4 Qxe4 17.Rxe4 Bd5 18.Re3 Rac8 19.Rc3 Rxc3 20.bxc3 Rc8
21.Bb2 Rc6 22.Nd2 Rb6 23.Bc1 Rc6 24.Bb2 Rb6 25.Bc1 Rc6 1/2-1/2

[Event "9th Lost Boys op"]
[Site "Amsterdam NED"]
[Date "2001.08.12"]
[Round "3"]
[White "Giddins, Stephen"]
[Black "Van der Hoeven, Gert-Jan"]
[Result "1/2-1/2"]
[WhiteElo "2286"]
[BlackElo "2356"]
[EventDate "2001.08.10"]
[PlyCount "25"]

1.Nf3 g6 2.e4 Bg7 3.d4 d6 4.c3 Nf6 5.Bd3 O-O 6.O-O Nc6 7.Nbd2 e5 8.dxe5 
dxe5 9.Nc4 Nh5 10.b4 a6 11.Bg5 Bf6 12.Bh6 Re8 13.Ne3 1/2-1/2

[Event "9th Lost Boys op"]
[Site "Amsterdam NED"]
[Date "2001.08.12"]
[Round "3"]
[White "Van Delft, Merijn"]
[Black "Van Kooten, Luuk"]
[Result "1/2-1/2"]
[WhiteElo "2336"]
[BlackElo "2255"]
[EventDate "2001.08.10"]
[PlyCount "44"]

1.e4 e5 2.Nf3 Nc6 3.Bb5 a6 4.Ba4 Nf6 5.O-O Be7 6.Re1 b5 7.Bb3 d6 8.c3 O-O 
9.h3 Nd7 10.d3 Bf6 11.Nbd2 Na5 12.Bc2 c5 13.Nf1 Nb6 14.Ng3 g6 15.Bh6 Re8 
16.Qd2 Nc6 17.Rad1 a5 18.Bb1 a4 19.a3 Ra7 20.Nh2 Be6 21.Ng4 Bh4 22.Ne3 Bg5
1/2-1/2

[Event "9th Lost Boys op"]
[Site "Amsterdam NED"]
[Date "2001.08.12"]
[Round "3"]
[White "Lorscheid, Gerhard"]
[Black "Tan, Kevin"]
[Result "1-0"]
[WhiteElo "2319"]
[BlackElo "2184"]
[EventDate "2001.08.10"]
[PlyCount "71"]

1.d4 Nf6 2.c4 g6 3.Nc3 Bg7 4.e4 d6 5.Be2 O-O 6.Nf3 e5 7.d5 Nbd7 8.Be3 Ng4 
9.Bg5 f6 10.Bd2 f5 11.Ng5 Ndf6 12.h3 Nh6 13.O-O Qe7 14.b4 Nf7 15.Nxf7 Rxf7
16.Bg5 h6 17.Bxf6 Qxf6 18.Re1 Qh4 19.Bf1 f4 20.Be2 h5 21.Rb1 Bxh3 22.gxh3 
f3 23.Bxf3 Raf8 24.Re3 g5 25.Rb2 g4 26.hxg4 hxg4 27.Bxg4 Rxf2 28.Be6+ R8f7
29.Bxf7+ Rxf7 30.Rg2 Kf8 31.Qg4 Qf6 32.Qc8+ Ke7 33.Qxc7+ Ke8 34.Qc8+ Ke7 
35.Qe6+ Qxe6 36.dxe6 1-0

[Event "9th Lost Boys op"]
[Site "Amsterdam NED"]
[Date "2001.08.12"]
[Round "3"]
[White "Roebers, Jan"]
[Black "Marechal, Andy"]
[Result "1-0"]
[WhiteElo "2303"]
[BlackElo "2371"]
[EventDate "2001.08.10"]
[PlyCount "89"]

1.e4 e6 2.d4 d5 3.Nc3 Nf6 4.e5 Nfd7 5.Nce2 c5 6.f4 Nc6 7.c3 Be7 8.Nf3 O-O 
9.a3 a5 10.f5 exf5 11.Nf4 Nb6 12.Bd3 cxd4 13.cxd4 Be6 14.h4 a4 15.g4 Qd7 
16.g5 Na5 17.Nh5 Rfe8 18.Nf6+ Bxf6 19.gxf6 gxf6 20.Rg1+ Kh8 21.Ng5 fxe5 
22.Nxh7 f6 23.Nxf6 Qf7 24.Nxe8 Rxe8 25.Bg5 Kh7 26.Rc1 exd4 27.Rc7 Bd7+ 28.
Kf2 Re6 29.Qf3 Re4 30.Bf6 Nac4 31.Rg7+ Qxg7 32.Bxg7 Kxg7 33.Bxe4 fxe4 34.
Qg4+ Kf6 35.Rxd7 e3+ 36.Ke1 Nxd7 37.Qxd7 Ke5 38.h5 d3 39.Qg7+ Ke4 40.Qg6+ 
Kd4 41.h6 Ne5 42.Qf6 Ke4 43.Qxe5+ Kxe5 44.h7 d2+ 45.Ke2 1-0

[Event "9th Lost Boys op"]
[Site "Amsterdam NED"]
[Date "2001.08.12"]
[Round "3"]
[White "Kohler, Aran"]
[Black "Wunnink, Michael"]
[Result "1-0"]
[WhiteElo "2362"]
[BlackElo "2215"]
[EventDate "2001.08.10"]
[PlyCount "101"]

1.d4 Nf6 2.Nf3 g6 3.c4 Bg7 4.Nc3 d5 5.Bg5 dxc4 6.e4 c5 7.d5 b5 8.e5 b4 9.
exf6 exf6 10.Qe2+ Kf8 11.Be3 bxc3 12.Bxc5+ Kg8 13.bxc3 Bb7 14.Qe7 Qxe7+ 
15.Bxe7 f5 16.O-O-O Nd7 17.Bxc4 Rc8 18.Bb3 Bxc3 19.Kb1 Kg7 20.Rd3 Rhe8 21.
Ba3 Bf6 22.Rc1 Rxc1+ 23.Kxc1 Ba6 24.Rd2 Be2 25.Ba4 Bxf3 26.gxf3 Rd8 27.f4 
Nb6 28.Bb3 g5 29.d6 gxf4 30.f3 Be5 31.Bc5 Kf6 32.a4 Nc8 33.d7 Nb6 34.a5 
Nxd7 35.Bxa7 Rc8+ 36.Rc2 Ra8 37.Bb6 Nxb6 38.axb6 Rb8 39.Rc6+ Ke7 40.Ba4 
Rb7 41.Bb5 Rb8 42.Ba6 Rg8 43.b7 Rg1+ 44.Kd2 Rb1 45.Rh6 Bg7 46.Rxh7 Kf6 47.
Rxg7 Kxg7 48.Kc3 Kf6 49.Kc4 Rc1+ 50.Kd4 Rd1+ 51.Bd3 1-0

[Event "9th Lost Boys op"]
[Site "Amsterdam NED"]
[Date "2001.08.12"]
[Round "3"]
[White "Hopman, Pieter"]
[Black "Wuts, Frank"]
[Result "0-1"]
[WhiteElo "2215"]
[BlackElo "2315"]
[EventDate "2001.08.10"]
[PlyCount "58"]

1.d4 b5 2.e4 Bb7 3.f3 e6 4.Be3 Nf6 5.Nd2 a6 6.a4 b4 7.c4 d5 8.cxd5 exd5 9.
e5 Nfd7 10.f4 c5 11.Qg4 cxd4 12.Bxd4 Nc6 13.Ngf3 Nxd4 14.Nxd4 Qb6 15.N2f3 
Nc5 16.a5 Qa7 17.Rc1 Bc8 18.f5 g6 19.Qh4 gxf5 20.Qf6 Rg8 21.Qc6+ Bd7 22.
Qxd5 Rg4 23.Bc4 Ne6 24.Rd1 Rc8 25.Ba2 Rxg2 26.Rf1 Rc5 27.Qb3 Rxa5 28.Rc1 
Rxa2 29.Qxa2 Nxd4 0-1

[Event "9th Lost Boys op"]
[Site "Amsterdam NED"]
[Date "2001.08.13"]
[Round "4"]
[White "Gershon, Alik"]
[Black "Van Wely, Loek"]
[Result "1/2-1/2"]
[WhiteElo "2553"]
[BlackElo "2695"]
[EventDate "2001.08.10"]
[PlyCount "100"]

1.d4 Nf6 2.c4 g6 3.Nc3 d5 4.Nf3 Bg7 5.Qb3 dxc4 6.Qxc4 O-O 7.e4 Na6 8.Be2 
c5 9.d5 e6 10.O-O exd5 11.exd5 Bf5 12.Be3 Qb6 13.b3 Rfe8 14.Rad1 Rad8 15.
Na4 Qa5 16.Bd2 Qc7 17.d6 Qc8 18.Ng5 Rd7 19.Be3 h6 20.Nf3 Ng4 21.Qc1 Nxe3 
22.fxe3 Red8 23.Bxa6 bxa6 24.e4 Bxe4 25.Nxc5 Bxf3 26.Nxd7 Bxd1 27.Qxc8 
Bd4+ 28.Kh1 Rxc8 29.Rxd1 Rc6 30.Nb8 Rxd6 31.Nxa6 Bc5 32.Rxd6 Bxd6 33.g4 
Kg7 34.b4 Kf6 35.Kg2 Ke5 36.a4 Kd4 37.b5 Kc4 38.h3 Kb3 39.a5 Kc4 40.b6 
axb6 41.axb6 Kb5 42.Nc7+ Kc6 43.Ne8 Be7 44.h4 Kxb6 45.h5 Kc6 46.hxg6 fxg6 
47.Ng7 Kd5 48.Nf5 Bg5 49.Kf3 gxf5 50.gxf5 Ke5 1/2-1/2

[Event "9th Lost Boys op"]
[Site "Amsterdam NED"]
[Date "2001.08.13"]
[Round "4"]
[White "Sokolov, Ivan"]
[Black "De Vreugt, Dennis"]
[Result "1-0"]
[WhiteElo "2659"]
[BlackElo "2429"]
[EventDate "2001.08.10"]
[PlyCount "75"]

1.d4 d5 2.c4 c6 3.Nf3 Nf6 4.Nc3 dxc4 5.a4 Bf5 6.e3 e6 7.Bxc4 Bb4 8.O-O O-O
9.Nh4 Nbd7 10.Nxf5 exf5 11.Qc2 g6 12.f3 Rc8 13.Qf2 c5 14.Ba2 a6 15.Kh1 Qb6
16.Qh4 Rfe8 17.dxc5 Nxc5 18.e4 fxe4 19.Nxe4 Ncxe4 20.fxe4 Rxe4 21.Bxf7+ 
Kh8 22.Bf4 Bd2 23.Qh3 Rf8 24.Bxd2 Rxf7 25.Bc3 Re6 26.Rf4 Kg7 27.Raf1 Qc6 
28.Qh4 b5 29.axb5 axb5 30.h3 h6 31.Qf2 Qd6 32.b4 Qc6 33.Qc5 g5 34.Rxf6 
Rfxf6 35.Rxf6 Qxc5 36.bxc5 Rxf6 37.c6 b4 38.Bxf6+ 1-0

[Event "9th Lost Boys op"]
[Site "Amsterdam NED"]
[Date "2001.08.13"]
[Round "4"]
[White "Handke, Florian"]
[Black "Piket, Jeroen"]
[Result "1/2-1/2"]
[WhiteElo "2384"]
[BlackElo "2630"]
[EventDate "2001.08.10"]
[PlyCount "184"]

1.e4 e5 2.Nf3 Nc6 3.Bb5 a6 4.Ba4 Nf6 5.O-O Be7 6.Re1 b5 7.Bb3 d6 8.c3 O-O 
9.h3 Nb8 10.d4 Nbd7 11.Nbd2 Bb7 12.Bc2 Re8 13.Nf1 Bf8 14.Ng3 g6 15.a4 Bg7 
16.Bd3 c6 17.b3 Qc7 18.Bb2 d5 19.dxe5 Nxe5 20.Nxe5 Qxe5 21.Re2 Qc7 22.c4 
bxc4 23.bxc4 dxe4 24.Bxf6 exd3 25.Rxe8+ Rxe8 26.Bxg7 Kxg7 27.Qxd3 c5 28.
Nf1 Qe5 29.Rd1 Qg5 30.Qc3+ Kg8 31.Qg3 Qxg3 32.Nxg3 a5 33.Rd7 Bc6 34.Rc7 
Bxa4 35.Ra7 Re1+ 36.Kh2 Rc1 37.Ne4 Rxc4 38.Nd6 Rd4 39.Nxf7 c4 40.Ng5 Bc6 
41.Rxa5 Rd5 42.Ra6 Bb7 43.Rb6 Rd7 44.Rb5 c3 45.Rc5 Rd5 46.Rc7 Rxg5 47.Rxb7
Rc5 48.Rb1 Kf7 49.Kg3 Ke6 50.Kf3 Kd5 51.Ke2 Kd4 52.Rd1+ Ke4 53.Ra1 Kd4 54.
Ra4+ Rc4 55.Ra1 Ke4 56.Kd1 Rd4+ 57.Kc1 Rd2 58.Ra4+ Kd3 59.Rf4 g5 60.Rf3+ 
Kc4 61.Rf7 h5 62.g3 Ra2 63.Rc7+ Kd3 64.Rd7+ Ke4 65.Rg7 Ra5 66.Kc2 Rf5 67.
f4 h4 68.gxh4 gxf4 69.Kxc3 Rh5 70.Kd2 Kf3 71.Rg1 Rxh4 72.Rf1+ Ke4 73.Re1+ 
Kf5 74.Rh1 Rh7 75.Ke2 Rg7 76.Kf3 Rg3+ 77.Kf2 Ra3 78.Rb1 Ra2+ 79.Kf3 Ra3+ 
80.Kf2 Rxh3 81.Rb8 Rh2+ 82.Kf3 Rh3+ 83.Kf2 Rh6 84.Rf8+ Rf6 85.Rxf6+ Kxf6 
86.Kf3 Kf5 87.Kf2 Ke4 88.Ke2 f3+ 89.Kf2 Kf4 90.Kf1 Ke3 91.Ke1 f2+ 92.Kf1 
Kf3 1/2-1/2

[Event "9th Lost Boys op"]
[Site "Amsterdam NED"]
[Date "2001.08.13"]
[Round "4"]
[White "Shchekachev, Andrei"]
[Black "Van den Doel, Erik"]
[Result "1/2-1/2"]
[WhiteElo "2546"]
[BlackElo "2607"]
[EventDate "2001.08.10"]
[PlyCount "126"]

1.e4 e5 2.Nf3 Nc6 3.Bb5 Nf6 4.O-O Nxe4 5.d4 Nd6 6.Bxc6 dxc6 7.dxe5 Nf5 8.
Qxd8+ Kxd8 9.Nc3 Ke8 10.a3 Ne7 11.Nd4 a6 12.Ne4 Nf5 13.Ne2 c5 14.Rd1 h6 
15.Nf4 c6 16.c3 Be7 17.Nd6+ Nxd6 18.exd6 Bf6 19.Nh5 Be6 20.Nxf6+ gxf6 21.
Be3 Kd7 22.Bxc5 Rhg8 23.Rd3 Rg6 24.Rg3 Re8 25.Re1 h5 26.Re4 Bd5 27.Rxe8 
Kxe8 28.Re3+ Be6 29.f4 f5 30.Rh3 Rh6 31.a4 Kd7 32.a5 Bd5 33.Rg3 Rg6 34.Rg5
Rxg5 35.fxg5 f4 36.Kf2 Ke6 37.g3 fxg3+ 38.Kxg3 Bb3 39.Kf4 Bd5 40.Bb4 Bb3 
41.Ke4 Bc2+ 42.Kd4 Bf5 43.Kc5 Kd7 44.Kb6 Kc8 45.h4 Bh3 46.Bc5 Bg4 47.Be3 
Bh3 48.Bf4 Bg4 49.b3 Bh3 50.c4 Bg4 51.Bg3 Bh3 52.Kc5 Kd7 53.Be5 Bg4 54.Kb6
Kc8 55.Bb2 Bh3 56.Be5 Bg4 57.d7+ Bxd7 58.Kc5 Bf5 59.Kd6 Bc2 60.Ke7 Bg6 61.
Bd6 b6 62.axb6 Kb7 63.Bc5 Kc8 1/2-1/2

[Event "9th Lost Boys op"]
[Site "Amsterdam NED"]
[Date "2001.08.13"]
[Round "4"]
[White "Avrukh, Boris"]
[Black "Gustafsson, Jan"]
[Result "1/2-1/2"]
[WhiteElo "2598"]
[BlackElo "2535"]
[EventDate "2001.08.10"]
[PlyCount "36"]

1.d4 Nf6 2.c4 g6 3.Nc3 d5 4.Qb3 dxc4 5.Qxc4 Bg7 6.e4 O-O 7.Be2 Nfd7 8.Be3 
Nb6 9.Qc5 e5 10.d5 Re8 11.Rd1 Bf8 12.Qa5 Bd7 13.Nf3 Nc4 14.Bxc4 b6 15.Bg5 
Qc8 16.Qb5 Bxb5 17.Bxb5 Be7 18.Bxe8 Qxe8 1/2-1/2

[Event "9th Lost Boys op"]
[Site "Amsterdam NED"]
[Date "2001.08.13"]
[Round "4"]
[White "Michiels, Bart"]
[Black "Smeets, Jan"]
[Result "1/2-1/2"]
[WhiteElo "2113"]
[BlackElo "2311"]
[EventDate "2001.08.10"]
[PlyCount "101"]

1.e4 c5 2.Nf3 Nc6 3.d4 cxd4 4.Nxd4 e5 5.Nb5 d6 6.N1c3 a6 7.Na3 b5 8.Nd5 
Nge7 9.Bg5 Nd4 10.c3 Ne6 11.Bh4 Rb8 12.Nc2 Nc7 13.Ncb4 Ncxd5 14.Nxd5 Be6 
15.Be2 Qd7 16.O-O Bxd5 17.exd5 Ng6 18.Bg5 Be7 19.Be3 O-O 20.b4 f5 21.a4 f4
22.Bg4 Qc7 23.Bd2 Qc4 24.axb5 axb5 25.Be6+ Kh8 26.f3 Bd8 27.Kh1 Bb6 28.Qc2
Ra8 29.Rfe1 Bf2 30.Rec1 Rxa1 31.Rxa1 Qe2 32.Bf5 Be3 33.Bxe3 Qxc2 34.Bxc2 
fxe3 35.Re1 Ra8 36.g3 Ra2 37.Bd3 Ne7 38.Bxb5 Rd2 39.Rxe3 Nxd5 40.Re4 g6 
41.Bc4 Nxc3 42.Re3 Rc2 43.Bb3 Rc1+ 44.Kg2 Nb5 45.f4 exf4 46.gxf4 Rb1 47.
Rd3 Rb2+ 48.Kg3 Kg7 49.Bc4 Rxb4 50.Bxb5 Rxb5 51.Rxd6 1/2-1/2

[Event "9th Lost Boys op"]
[Site "Amsterdam NED"]
[Date "2001.08.13"]
[Round "4"]
[White "Tregubov, Pavel"]
[Black "Grooten, Herman"]
[Result "1-0"]
[WhiteElo "2617"]
[BlackElo "2374"]
[EventDate "2001.08.10"]
[PlyCount "65"]

1.d4 Nf6 2.c4 e6 3.Nf3 b6 4.g3 Ba6 5.Nbd2 Bb7 6.Bg2 c5 7.e4 cxd4 8.O-O d6 
9.Nxd4 Nbd7 10.Re1 a6 11.e5 Bxg2 12.exf6 Bb7 13.fxg7 Bxg7 14.Ne4 O-O 15.
Nxd6 Ne5 16.Nxb7 Qxd4 17.Qxd4 Nf3+ 18.Kf1 Nxd4 19.Rd1 Rab8 20.Nd6 Rfd8 21.
Ne4 f5 22.Nc3 Rdc8 23.Bf4 e5 24.Be3 Nf3 25.Kg2 e4 26.Nd5 Kf7 27.Nxb6 f4 
28.Nxc8 fxe3 29.Nd6+ Kg8 30.Nxe4 e2 31.Kxf3 exd1=Q+ 32.Rxd1 Rxb2 33.Rd2 
1-0

[Event "9th Lost Boys op"]
[Site "Amsterdam NED"]
[Date "2001.08.13"]
[Round "4"]
[White "Nijboer, Friso"]
[Black "Peek, Marcel"]
[Result "1-0"]
[WhiteElo "2551"]
[BlackElo "2345"]
[EventDate "2001.08.10"]
[PlyCount "83"]

1.e4 c5 2.Nf3 d6 3.d4 cxd4 4.Nxd4 Nf6 5.Nc3 Nc6 6.Bg5 e6 7.Qd2 a6 8.O-O-O 
Bd7 9.f3 Be7 10.h4 Rc8 11.Kb1 h5 12.Nde2 Ne5 13.Ng3 b5 14.Bd3 Qb6 15.Rhe1 
b4 16.Nce2 a5 17.Nc1 Bb5 18.f4 Nxd3 19.Nxd3 Ng4 20.Bxe7 Kxe7 21.e5 Bxd3 
22.exd6+ Kd7 23.Qxd3 Nf2 24.Qd4 Qxd4 25.Rxd4 Rc6 26.f5 Ng4 27.fxe6+ fxe6 
28.Nxh5 Rxh5 29.Rxg4 Kxd6 30.Rd1+ Kc5 31.g3 Rc7 32.a3 Rd5 33.axb4+ axb4 
34.Re1 b3 35.cxb3 Kd6 36.Rg6 Re5 37.Rxe5 Kxe5 38.b4 Kd5 39.b5 Re7 40.Kc2 
Kc5 41.Kd3 Kxb5 42.Ke4 1-0

[Event "9th Lost Boys op"]
[Site "Amsterdam NED"]
[Date "2001.08.13"]
[Round "4"]
[White "Bosboom-Lanchava, Tea"]
[Black "Van der Wiel, John"]
[Result "0-1"]
[WhiteElo "2345"]
[BlackElo "2498"]
[EventDate "2001.08.10"]
[PlyCount "78"]

1.d4 Nf6 2.c4 e6 3.Nf3 d5 4.cxd5 exd5 5.Nc3 Be7 6.Bg5 c6 7.Qc2 Na6 8.a3 
Nc7 9.e3 Ne6 10.Bh4 g6 11.h3 Ng7 12.Bd3 Bf5 13.O-O O-O 14.b4 Rc8 15.Bg5 
Re8 16.Bxf5 Nxf5 17.b5 Ne4 18.Bxe7 Rxe7 19.Qb3 Nxc3 20.Qxc3 cxb5 21.Qb3 a6
22.Rfc1 Rec7 23.Rxc7 Rxc7 24.Ne5 Ne7 25.e4 Qc8 26.Qf3 Qe6 27.Re1 Kg7 28.
exd5 Nxd5 29.Nd3 Qd6 30.Nc5 Nf6 31.Rd1 Qd5 32.Qd3 Re7 33.Qc3 h5 34.Nd3 Qc4
35.Qb2 Nd5 36.Ne5 Qc3 37.Qa2 Nf4 38.Nf3 Re2 39.Rd2 Rxd2 0-1

[Event "9th Lost Boys op"]
[Site "Amsterdam NED"]
[Date "2001.08.13"]
[Round "4"]
[White "Stellwagen, Daniel"]
[Black "Arakhamia-Grant, Ketevan"]
[Result "1-0"]
[WhiteElo "2337"]
[BlackElo "2446"]
[EventDate "2001.08.10"]
[PlyCount "115"]

1.e4 c5 2.Nf3 e6 3.d4 cxd4 4.Nxd4 Qb6 5.Nb3 Qc7 6.Bd3 a6 7.O-O Nf6 8.f4 d6
9.c4 b6 10.Nc3 Nbd7 11.Kh1 Bb7 12.f5 e5 13.Nd5 Qd8 14.Be3 Be7 15.Qf3 O-O 
16.Rad1 Nxd5 17.cxd5 Bg5 18.Nd2 b5 19.b4 Bxe3 20.Qxe3 Qb6 21.Qg3 f6 22.Nb3
Rac8 23.Rc1 Rxc1 24.Rxc1 Rc8 25.Qe1 Nf8 26.h3 g6 27.Rxc8 Bxc8 28.g4 Bd7 
29.Kg2 Be8 30.Qc1 gxf5 31.exf5 Kg7 32.g5 Qd8 33.h4 Bh5 34.Na5 Nd7 35.a3 
Nb6 36.Be4 Qc8 37.Qxc8 Nxc8 38.Nc6 Nb6 39.Nb8 Nc4 40.Nxa6 Nxa3 41.Nc7 Kf7 
42.Bd3 Ke7 43.Nxb5 e4 44.Be2 Nxb5 45.Bxb5 Bg4 46.gxf6+ Kxf6 47.Bd7 Ke5 48.
b5 Be2 49.b6 Ba6 50.Bb5 Bc8 51.Bc6 h6 52.Kf2 Ba6 53.b7 Bxb7 54.Bxb7 Kxf5 
55.Ke3 Ke5 56.Bc6 Kf5 57.Bd7+ Ke5 58.Be6 1-0

[Event "9th Lost Boys op"]
[Site "Amsterdam NED"]
[Date "2001.08.13"]
[Round "4"]
[White "l`Ami, Erwin"]
[Black "Wintzer, Joachim"]
[Result "0-1"]
[WhiteElo "2275"]
[BlackElo "2378"]
[EventDate "2001.08.10"]
[PlyCount "80"]

1.e4 e6 2.d4 d5 3.Nc3 Bb4 4.e5 Ne7 5.a3 Bxc3+ 6.bxc3 c5 7.Qg4 O-O 8.Bd3 
Nd7 9.Nf3 f5 10.Qh3 Nb6 11.a4 Nc4 12.O-O Qa5 13.Bg5 Ng6 14.Bxc4 dxc4 15.
Ra3 Bd7 16.Nh4 Nxh4 17.Qxh4 Rf7 18.Be7 cxd4 19.cxd4 Qd2 20.Rh3 h6 21.c3 
Bxa4 22.f4 Re8 23.Bf6 Ref8 24.Rg3 Kh7 25.Be7 Re8 26.Bg5 Rh8 27.Qh5 Kg8 28.
Bxh6 Rh7 29.Qg6 Bd7 30.h4 Qe2 31.h5 a5 32.d5 exd5 33.Qb6 Qxh5 34.Qd8+ Rf8 
35.Qxd7 Qxh6 36.Qxd5+ Kh8 37.Qxa5 Qc6 38.Rd1 Rh6 39.Qd5 Qb6+ 40.Qd4 Rd8 
0-1

[Event "9th Lost Boys op"]
[Site "Amsterdam NED"]
[Date "2001.08.13"]
[Round "4"]
[White "Jonkman, Harmen"]
[Black "Roobol, Martin"]
[Result "1/2-1/2"]
[WhiteElo "2468"]
[BlackElo "2261"]
[EventDate "2001.08.10"]
[PlyCount "164"]

1.e4 d6 2.d4 Nf6 3.Nc3 g6 4.f4 Bg7 5.Nf3 O-O 6.Bd3 Nc6 7.O-O e5 8.fxe5 
dxe5 9.d5 Ne7 10.Na4 Nexd5 11.exd5 e4 12.Be2 exf3 13.Bxf3 Nd7 14.Bf4 Ne5 
15.Qd2 b5 16.Nc5 Nc4 17.Qf2 Bxb2 18.Rab1 Qf6 19.Rxb2 Qxf4 20.Rxb5 Nd2 21.
Be2 Qe5 22.Rd1 Ne4 23.Nxe4 Qxe4 24.Bf3 Qa4 25.Rc5 Bf5 26.Rd4 Qxa2 27.g4 
Bc8 28.Rxc7 Rb8 29.Kg2 a5 30.Rf4 Rb4 31.Be2 Rxf4 32.Qxf4 Qxd5+ 33.Kg3 Be6 
34.Bc4 Qd1 35.Kh3 Bxc4 36.Rxc4 Re8 37.Rc7 Qd5 38.Kg3 Re2 39.Rc3 Qg2+ 40.
Kh4 Qxh2+ 41.Qxh2 Rxh2+ 42.Kg3 Rd2 43.Kf3 Rd4 44.Rc7 a4 45.c3 Rd1 46.Ke4 
Rg1 47.Kd5 Rxg4 48.c4 Rg1 49.c5 h5 50.Ra7 h4 51.Rxa4 h3 52.Rh4 Rg5+ 53.Kd6
Rh5 54.Rxh5 gxh5 55.c6 h2 56.c7 h1=Q 57.c8=Q+ Kg7 58.Qc3+ f6 59.Qg3+ Kf7 
60.Qb3+ Kg6 61.Qg8+ Kf5 62.Qh7+ Kf4 63.Qh6+ Ke4 64.Qxf6 Qh2+ 65.Kc6 Qc2+ 
66.Kb7 Qb3+ 67.Ka6 Qa4+ 68.Kb7 Qb5+ 69.Ka7 Qa5+ 70.Kb7 Qd5+ 71.Ka6 Qf5 72.
Qc6+ Ke5 73.Qc3+ Ke6 74.Qc8+ Kf6 75.Qd8+ Kg6 76.Qg8+ Kh6 77.Qd8 Qg6+ 78.
Kb7 Qg5 79.Qh8+ Kg6 80.Qg8+ Kf5 81.Qd5+ Kg4 82.Qg2+ Kf5 1/2-1/2

[Event "9th Lost Boys op"]
[Site "Amsterdam NED"]
[Date "2001.08.13"]
[Round "4"]
[White "Gurevich, Mikhail"]
[Black "Konings, Leon"]
[Result "1-0"]
[WhiteElo "2633"]
[BlackElo "2293"]
[EventDate "2001.08.10"]
[PlyCount "109"]

1.d4 d5 2.c4 e6 3.Nf3 c5 4.cxd5 exd5 5.Nc3 Nc6 6.g3 Nf6 7.Bg2 Be7 8.O-O 
O-O 9.Bg5 cxd4 10.Nxd4 Re8 11.Qa4 Bd7 12.Rad1 h6 13.Bf4 Bc5 14.Nxc6 Bxc6 
15.Qc2 Qe7 16.Bxd5 Nxd5 17.Nxd5 Bxd5 18.Rxd5 Rac8 19.Qf5 Bb6 20.e3 Qe6 21.
Rfd1 Qxf5 22.Rxf5 Rc2 23.Rd7 f6 24.Rfd5 g5 25.Bd6 Rxb2 26.Be7 Rb1+ 27.Kg2 
Kf7 28.Bd8+ Kg6 29.Rxb7 Ra1 30.Bxb6 axb6 31.Ra7 g4 32.h3 h5 33.hxg4 hxg4 
34.Ra4 Kf7 35.Rd6 b5 36.Raa6 Kg7 37.Rxf6 Rxa2 38.Rg6+ Kh7 39.Rh6+ Kg7 40.
Rag6+ Kf7 41.Rf6+ Ke7 42.Rb6 Kd7 43.Rb7+ Kc8 44.Rf7 Rc2 45.Rg6 Rc4 46.Rg5 
b4 47.Ra5 Kb8 48.Rb5+ Ka8 49.Kf1 Rd8 50.Rf4 Rxf4 51.gxf4 Rd1+ 52.Kg2 Rb1 
53.f5 Ka7 54.f6 Ka6 55.Rb8 1-0

[Event "9th Lost Boys op"]
[Site "Amsterdam NED"]
[Date "2001.08.13"]
[Round "4"]
[White "Ikonnikov, Viacheslav"]
[Black "Witt, Rob"]
[Result "1/2-1/2"]
[WhiteElo "2552"]
[BlackElo "2280"]
[EventDate "2001.08.10"]
[PlyCount "149"]

1.d4 Nf6 2.Nf3 d5 3.c4 e6 4.Nc3 Be7 5.Bg5 O-O 6.e3 h6 7.Bh4 b6 8.Be2 Bb7 
9.Bxf6 Bxf6 10.cxd5 exd5 11.O-O Re8 12.b4 c6 13.Qb3 a5 14.b5 c5 15.Rad1 c4
16.Qc2 Nd7 17.Nd2 Nf8 18.Bf3 Rc8 19.Qf5 g6 20.Qh3 Kg7 21.g3 Qd6 22.Qg2 
Red8 23.Rc1 Ne6 24.Ndb1 Qd7 25.Rfd1 Ba8 26.h4 h5 27.a4 Qd6 28.Ne2 Be7 29.
Nbc3 f5 30.Kh1 Kh6 31.Rg1 Rd7 32.Rc2 Rcd8 33.Rd1 Bf6 34.Ng1 Qf8 35.Nh3 Be7
36.Qf1 Qf6 37.Bg2 Bb4 38.Ne2 Bd6 39.f4 Qe7 40.Qf2 Nc7 41.Neg1 Ne8 42.Nf3 
Nf6 43.Ne5 Rc7 44.Ng5 Rdc8 45.Ngf7+ Kg7 46.Nxd6 Qxd6 47.Rc3 Qe6 48.Bf3 Bb7
49.Rdc1 Qe7 50.Kg1 Qe6 51.Qg2 Qe7 52.Rb1 Qe6 53.Kf1 Rd8 54.Qa2 Qd6 55.Qa3 
Qxa3 56.Rxa3 Rd6 57.Ke2 Bc8 58.Kd2 Bd7 59.Rc1 Be6 60.Rac3 Rd8 61.R3c2 Rdc8
62.Kc3 Bf7 63.Rb1 Be8 64.Rcb2 Ra8 65.Rc2 Kf8 66.Kd2 Rac8 67.Rbc1 Ke7 68.
Kc3 Ke6 69.Rg1 Rd8 70.Re2 Rb8 71.Rf1 Rbc8 72.Rg1 Rd8 73.Rf1 Rdc8 74.Rg1 
Rd8 75.Rf1 1/2-1/2

[Event "9th Lost Boys op"]
[Site "Amsterdam NED"]
[Date "2001.08.13"]
[Round "4"]
[White "Van Blitterswijk, Stefan"]
[Black "Van de Vegt, Lenze"]
[Result "1-0"]
[WhiteElo "2380"]
[BlackElo "2167"]
[EventDate "2001.08.10"]
[PlyCount "141"]

1.e4 c5 2.Nf3 e6 3.d4 cxd4 4.Nxd4 a6 5.Bd3 Qc7 6.O-O Nf6 7.Qe2 d6 8.c4 g6 
9.Nc3 Bg7 10.Rd1 O-O 11.Nf3 Nbd7 12.Bf4 Ng4 13.Rac1 Nge5 14.b3 Nxf3+ 15.
Qxf3 Ne5 16.Qe2 Bd7 17.Bb1 Bc6 18.Qd2 Rad8 19.Bg5 f6 20.Be3 Qa5 21.Ne2 
Qxd2 22.Rxd2 Nf7 23.Rcd1 f5 24.f3 Bf6 25.Nd4 Bd7 26.f4 e5 27.fxe5 dxe5 28.
Nxf5 Be6 29.Nh6+ Nxh6 30.Bxh6 Rxd2 31.Rxd2 Rd8 32.Rxd8+ Bxd8 33.Be3 Be7 
34.Kf2 Kf7 35.Bd3 Ke8 36.Ke2 Kd7 37.Kd2 Kc6 38.Be2 h5 39.Kd3 b6 40.h3 a5 
41.Bd1 Bd8 42.Bd2 Be7 43.Bc3 Bd6 44.Be2 Bc8 45.a3 Be6 46.b4 axb4 47.axb4 
b5 48.c5 Bc7 49.Ke3 Bd7 50.Kf2 Kb7 51.g4 hxg4 52.h4 Bc6 53.Bd3 Kc8 54.Kg3 
Kd7 55.Kxg4 Ke6 56.Bd2 Bd8 57.Bc2 Bd7 58.Bb3+ Kf6+ 59.Kg3 Kg7 60.Bd5 Be8 
61.Bb7 Bd7 62.Bg5 Bc7 63.Bd5 Be8 64.Be7 Bd7 65.Kf3 Kh6 66.Bf8+ Kh7 67.Bf7 
Bc6 68.Be6 Be8 69.Bd6 Bd8 70.Bd5 Bd7 71.Bb7 1-0

[Event "9th Lost Boys op"]
[Site "Amsterdam NED"]
[Date "2001.08.13"]
[Round "4"]
[White "Bezemer, Arno"]
[Black "Peelen, Piet"]
[Result "0-1"]
[WhiteElo "2296"]
[BlackElo "2359"]
[EventDate "2001.08.10"]
[PlyCount "110"]

1.e4 c6 2.d4 d5 3.Nd2 dxe4 4.Nxe4 Bf5 5.Ng3 Bg6 6.h4 h6 7.Nf3 Nd7 8.h5 Bh7
9.Bd3 Bxd3 10.Qxd3 Ngf6 11.Bf4 e6 12.O-O-O Be7 13.Ne5 O-O 14.c4 c5 15.d5 
Nxe5 16.Bxe5 Ng4 17.Bxg7 Bg5+ 18.Kb1 Nxf2 19.Qc3 Re8 20.Rdf1 Nxh1 21.Ne4 
e5 22.Bf6 Bxf6 23.Nxf6+ Kg7 24.Nxe8+ Qxe8 25.Rxh1 Qe7 26.Rf1 Re8 27.Qg3+ 
Qg5 28.Qf2 Qxh5 29.Qf6+ Kg8 30.d6 Qg6+ 31.Qf5 Rd8 32.Kc1 Qxf5 33.Rxf5 Rxd6
34.Rxe5 b6 35.Kc2 Re6 36.Rd5 Re2+ 37.Kb3 Rxg2 38.Rd7 a5 39.Ka4 Rg6 40.Kb5 
h5 41.Rd3 h4 42.a3 Rh6 43.Rh3 Kg7 44.Ka6 f5 45.Kb7 a4 46.Kc7 f4 47.Kb7 Kf7
48.Kc7 Ke7 49.Kb7 Kd7 50.Rd3+ Ke7 51.Rh3 Kd7 52.Rd3+ Ke6 53.Kxb6 h3 54.Rd1
h2 55.Rh1 Kd6 0-1

[Event "9th Lost Boys op"]
[Site "Amsterdam NED"]
[Date "2001.08.13"]
[Round "4"]
[White "Hendriks, Willy"]
[Black "Helvensteijn, Dennis"]
[Result "1-0"]
[WhiteElo "2321"]
[BlackElo "2191"]
[EventDate "2001.08.10"]
[PlyCount "103"]

1.e4 c6 2.d4 d5 3.exd5 cxd5 4.c4 Nf6 5.Nc3 g6 6.Qb3 Bg7 7.cxd5 O-O 8.Be2 
b6 9.Bf3 Bb7 10.Bg5 Na6 11.Nge2 Qd7 12.O-O Rfd8 13.Rfe1 h6 14.Bxf6 Bxf6 
15.Rad1 Rab8 16.h3 h5 17.Nf4 Bg5 18.Nd3 Bf6 19.Ne5 Qe8 20.Nc6 Bxc6 21.dxc6
Nc7 22.d5 Qf8 23.Nb5 Nxb5 24.Qxb5 Rbc8 25.a4 Rc7 26.Qb4 Rd6 27.Rd2 Qd8 28.
Rc2 Rc8 29.Qc4 Qc7 30.b4 Rb8 31.Rce2 Rdd8 32.Re3 Rd6 33.g3 Rdd8 34.h4 Rd6 
35.Qf4 Kg7 36.b5 Rbd8 37.Bg2 Kg8 38.Qc4 Kg7 39.Kh2 Kg8 40.Qf4 Kg7 41.Bh3 
Ra8 42.Bg2 Kg8 43.Qc4 Rdd8 44.f4 Rac8 45.Qe2 Kf8 46.Kh1 Qd6 47.f5 Rc7 48.
fxg6 fxg6 49.Qd3 Kf7 50.Bh3 Kg7 51.Be6 Qb4 52.Re4 1-0